| 000 | 00733nam a22002417a 4500 | ||
|---|---|---|---|
| 005 | 20210325214841.0 | ||
| 008 | s1996 eng d | ||
| 020 | _a074454789X | ||
| 041 | _aeng | ||
| 050 | _aPZ 7 T87 1996 | ||
| 100 | 0 | _aTurnbull, Ann | |
| 245 | 1 | 0 | _aPigeon summer |
| 260 | 3 |
_aLondon : _bWalker Books, _c1996 |
|
| 300 |
_a119 p. ; _b 18 cm. |
||
| 650 | 0 | 4 | _aFriendship -- Fiction |
| 650 | 0 | 4 | _aJuvenile literature |
| 650 | 0 | 4 | _aEngland -- Fiction |
| 650 | 0 | 4 | _aPigeons -- Fiction |
| 850 | _aNALT | ||
| 942 | _cGB | ||
| 997 | _c000000000077793 | ||
| 998 | _aนางสาวอรุณทิพย์ จันทร์ดิษฐ์ | ||
| 999 |
_c77793 _d77793 |
||